00444nam a2200181Ia 4500008004100000020001400041245002000055245005000075260001500125260001600140260000900156300001500165300002500180300001000205440002000215500000800235999001900243170705s9999 xx 000 0 und d a439498643 aBoss of lunch / cBarbara Park ; illustrated by Denise Brunkus. aNew York : bScholastic, c2002 a77 pages : bcolor illustration ; c19cm. aJunie B. Jones. a330 c335599d335599